Statistics for Which country has the most grass?

Click here to take the quiz!

General Stats

  • This quiz has been taken 11 times
  • The average score is 5 of 10

Answer Stats

QuestionAnswer% Correct
Which country has the most grass out of these countries?France
80%
Which country has the most grass out of these countries?Italy
80%
Which country has the most grass out of these countries?Russia
80%
Which country has the most grass out of these countries?Ukraine
70%
Which country has the most grass out of these countries?England
50%
Which country has the most grass out of these countries?Sweden
50%
Which country has the most grass out of these countries?Botswana
40%
Which country has the most grass out of these countries?Serbia
20%
Which country has the most grass out of these countries?Zimbabwe
20%
Which country has the most grass out of these countries?Indonesia
0%

Score Distribution

Percentile by Number Answered

Percent of People with Each Score

Your Score History

You have not taken this quiz